Italia y Alemania (Record no. 135106)

MARC details
000 -LEADER
campo de control de longitud fija 00968nam a2200277 i 4500
001 - NÚMERO DE CONTROL
campo de control 135106
003 - IDENTIFICADOR DE NÚMERO DE CONTROL
campo de control ES-MaACL
005 - FECHA Y HORA DE LA ÚLTIMA TRANSACCIÓN
campo de control 20250801084635.0
007 - CAMPO FIJO DE DESCRIPCIÓN FÍSICA--INFORMACIÓN GENERAL
campo de control de longitud fija t|
008 - DATOS DE LONGITUD FIJA--INFORMACIÓN GENERAL
campo de control de longitud fija 070709s1977 sp |||| | spa d
020 ## - NÚMERO INTERNACIONAL ESTÁNDAR DEL LIBRO
Número Internacional Estándar del Libro 84-231-1526-7
080 ## - NÚMERO DE LA CLASIFICACIÓN DECIMAL UNIVERSAL
Número de la Clasificación Decimal Universal 830.09
080 ## - NÚMERO DE LA CLASIFICACIÓN DECIMAL UNIVERSAL
Número de la Clasificación Decimal Universal 850.09
100 1# - ENTRADA PRINCIPAL--NOMBRE DE PERSONA
Nombre de persona Thoorens, Léon.
9 (RLIN) 110130
245 10 - MENCIÓN DEL TÍTULO
Título Italia y Alemania
Resto del título : de la Edad Media a la literatura contemporánea /
Mención de responsabilidad, etc. León Thoorens ; [traducción... J.A. Fontanilla y L. Rodríguez].
260 ## - PUBLICACIÓN, DISTRIBUCIÓN, ETC.
Lugar de publicación, distribución, etc. Barcelona, etc. :
Nombre del editor, distribuidor, etc. Daimon,
Fecha de publicación, distribución, etc. [1977]
300 ## - DESCRIPCIÓN FÍSICA
Extensión 314 p. :
Otras características físicas il. ;
Dimensiones 18 cm.
490 1# - MENCIÓN DE SERIE
Mención de serie Historia universal de la literatura
650 #4 - PUNTO DE ACCESO ADICIONAL DE MATERIA--TÉRMINO DE MATERIA
Término de materia o nombre geográfico como elemento de entrada Literatura italiana-
Subdivisión general Historia y crítica.
9 (RLIN) 14631
650 10 - PUNTO DE ACCESO ADICIONAL DE MATERIA--TÉRMINO DE MATERIA
Término de materia o nombre geográfico como elemento de entrada Literatura alemana-
Subdivisión de forma Historia y crítica
9 (RLIN) 184352
700 1# - ENTRADA AGREGADA--NOMBRE PERSONAL
Nombre de persona Fontanilla, José Antonio.
9 (RLIN) 51619
700 1# - ENTRADA AGREGADA--NOMBRE PERSONAL
Nombre de persona Rodríguez, L.
9 (RLIN) 98270
830 0# - PUNTO DE ACCESO ADICIONAL DE SERIE-TÍTULO UNIFORME
Título uniforme Historia universal de la literatura
9 (RLIN) 186996
852 ## - LOCALIZACIÓN
Ubicación ES-MaACL
Número de control de estantería A-7864
Holdings
Estatus retirado Estado de pérdida Estado de daño No para préstamo Biblioteca de origen Biblioteca actual Ubicación en estantería Fecha de adquisición Fuente de adquisición Total de préstamos Signatura topográfica completa Código de barras Visto por última vez Precio de reemplazo Tipo de ítem Koha
        Biblioteca del Ateneo de Madrid Biblioteca del Ateneo de Madrid Sala Pecera Planta 1 17/01/2008     A-7864 1140624 23/02/2023 23/02/2023 Libro impreso